[Event "Wch Blitz"]
[Site "Moscow"]
[Date "2019.12.30"]
[Round "17"]
[White "Rozum, Ivan"]
[Black "Guliyev, Namig"]
[Result "1-0"]
[WhiteElo "2573"]
[BlackElo "2548"]
[PlyCount "63"]
[EventDate "2019.12.29"]
[EventType "swiss (blitz)"]
[EventRounds "21"]
[EventCountry "RUS"]
[SourceTitle "CBM 193 Extra"]
[Source "ChessBase"]
[SourceDate "2020.01.31"]
[SourceVersion "1"]
[SourceVersionDate "2020.01.31"]
[SourceQuality "1"]

1. Nf3 d5 2. g3 Bg4 3. Bg2 Nd7 4. c4 e6 5. cxd5 exd5 6. O-O Ngf6 7. Nc3 c6 8. d4 ({RR} 8. Qc2 Bd6 9. d3 O-O 10. e4 dxe4 11. dxe4 Bc5 12. Bf4 Bxf3 13. Bxf3 Qe7 14. Rad1 Ne5 15. Bg2 Rfd8 16. Kh1 Nfg4 17. h3 Nxf2+ 18. Rxf2 Bxf2 19. Rxd8+ Rxd8 20. Qxf2 Nd3 21. Qxa7 Nxf4 22. gxf4 Qd6 {Pribelszky,B (2399)-Gombocz,F (2314) Hungary HUN 2023 0-1 (53)}) 8... Bd6 9. Nh4 O-O 10. f3 Bh5 $146 ({RR} 10... Be6 11. e4 dxe4 12. fxe4 Be7 13. Nf5 Bxf5 14. Rxf5 Nb6 15. Kh1 c5 16. d5 Nfd7 17. d6 Bf6 18. Nd5 Nxd5 19. Qxd5 Nb6 20. Qxc5 Rc8 21. Qb4 Rc4 22. Qb5 Qxd6 23. e5 Qc5 24. exf6 Rxc1+ 25. Rxc1 {Rozum,I (2566)-Belozerov,A (2493) Chess.com INT 2020 0-1 (88)}) ({RR} 10... Be6 11. e4 dxe4 12. fxe4 Be7 13. Nf5 Bxf5 14. Rxf5 Nb6 15. Kh1 c5 16. d5 Nfd7 17. d6 Bf6 18. Nd5 Nxd5 19. Qxd5 Nb6 20. Qxc5 Rc8 21. Qb4 Rc4 22. Qb5 Qxd6 23. e5 Qc5 24. exf6 Rxc1+ 25. Rxc1 {Rozum,I (2566)-Belozerov,A (2493) Chess.com INT 2020 0-1 (88)}) 11. Nf5 Bc7 12. g4 Bg6 13. e4 Bb6 14. Kh1 c5 15. e5 cxd4 16. exf6 dxc3 17. Ne7+ Kh8 18. fxg7+ Kxg7 19. Nxd5 c2 20. Qd2 f6 21. f4 Rc8 22. b4 Re8 23. Bb2 Be4 24. g5 Bxg2+ 25. Qxg2 Kf7 26. gxf6 Rg8 27. Qh3 Nf8 28. Qh5+ Rg6 29. Rae1 h6 30. Ne7 Qd7 31. f5 c1=Q 32. fxg6+ 1-0

[Event "Wch Blitz"]
[Site "Moscow"]
[Date "2019.12.30"]
[Round "18"]
[White "Artemiev, Vladislav"]
[Black "Nihal, Sarin"]
[Result "1-0"]
[WhiteElo "2731"]
[BlackElo "2612"]
[PlyCount "89"]
[EventDate "2019.12.29"]
[EventType "swiss (blitz)"]
[EventRounds "21"]
[EventCountry "RUS"]
[SourceTitle "CBM 193 Extra"]
[Source "ChessBase"]
[SourceDate "2020.01.31"]
[SourceVersion "1"]
[SourceVersionDate "2020.01.31"]
[SourceQuality "1"]

1. Nf3 d5 2. b3 Bg4 3. e3 Nd7 4. h3 Bh5 5. Bb2 Ngf6 6. d3 e6 7. g4 ({RR} 7. Nbd2 Bg6 8. Nh4 Bd6 9. Be2 Qe7 10. a3 Be5 11. d4 Bd6 12. Nxg6 hxg6 13. c4 c6 14. Qc2 a5 15. O-O g5 16. Rfd1 g4 17. e4 dxe4 18. Nxe4 Nxe4 19. Qxe4 gxh3 20. g3 Nf6 21. Qe3 Rd8 {Nihal,S (2620)-Megaranto,S (2550) Chess.com INT 2020 ½-½ (70)}) 7... Bg6 8. Nh4 a5 ({RR} 8... Bd6 9. Nd2 e5 10. Bg2 c6 11. Qe2 Qe7 12. Rf1 Ng8 13. Nxg6 hxg6 14. O-O-O O-O-O 15. c4 Nb6 16. Kb1 f6 17. cxd5 cxd5 18. a4 Bb4 19. f4 Kb8 20. fxe5 fxe5 21. Nf3 Nd7 22. g5 Qe6 23. h4 {Bardyk,A (2257)-Gong Qianyun (2272) chess.com INT 2025 1-0 (33)}) 9. a3 Bd6 $146 ({RR} 9... a4 10. b4 c5 11. bxc5 Nxc5 12. Nd2 Be7 13. Nxg6 hxg6 14. Bxf6 Bxf6 15. d4 Nd7 16. c4 dxc4 17. Nxc4 O-O 18. Rb1 Qc7 19. Be2 b5 20. Nd2 Be7 21. Bxb5 Nb6 22. Rc1 Qa7 23. Ra1 Qa5 24. Bd3 {Nakamura,H (2750)-Licznerski,L (2439) Chess.com INT 2022 1-0 (45)}) ({RR} 9... c5 10. Nd2 Qb6 11. Bg2 a4 12. Qe2 axb3 13. cxb3 Qa6 14. Nxg6 hxg6 15. O-O Bd6 16. b4 O-O 17. bxc5 Nxc5 18. Bxf6 gxf6 19. Rfb1 Qxd3 20. Qxd3 Nxd3 21. Rxb7 Be5 22. Ra2 Rfc8 23. Bf1 Nc1 24. Rab2 {Martin Duque,J (2424)-Zhigalko,S (2572) Chess.com INT 2022 0-1 (42)}) 10. Bg2 O-O 11. Nd2 c6 12. O-O e5 13. Nxg6 hxg6 14. c4 Re8 15. g5 Nh7 16. cxd5 Nxg5 17. dxc6 bxc6 18. Rc1 Rc8 19. Qg4 Nc5 20. Qc4 Nge6 21. Rfd1 Bf8 22. Nf3 Qb6 23. Nxe5 Nxb3 24. Rb1 Nbc5 25. d4 Nb7 26. Ba1 Qc7 27. Qxc6 Nd6 28. Qxc7 Rxc7 29. Nc6 a4 30. Rdc1 Nf5 31. Rc4 Bxa3 32. Rxa4 Bd6 33. d5 Ng5 34. h4 Nh7 35. e4 Nxh4 36. e5 Nxg2 37. exd6 Rd7 38. Kxg2 Rxd6 39. Rd1 Nf6 40. Bxf6 gxf6 41. Na5 Ra8 42. Nc4 Rxa4 43. Nxd6 Kf8 44. Nb7 Rb4 45. d6 1-0

[Event "Wch Blitz"]
[Site "Moscow"]
[Date "2019.12.30"]
[Round "19"]
[White "Chigaev, Maksim"]
[Black "Bartel, Mateusz"]
[Result "1-0"]
[WhiteElo "2631"]
[BlackElo "2634"]
[PlyCount "175"]
[EventDate "2019.12.29"]
[EventType "swiss (blitz)"]
[EventRounds "21"]
[EventCountry "RUS"]
[SourceTitle "CBM 193 Extra"]
[Source "ChessBase"]
[SourceDate "2020.01.31"]
[SourceVersion "1"]
[SourceVersionDate "2020.01.31"]
[SourceQuality "1"]

1. e4 {Horn,Peter} e6 2. Qe2 c5 3. g3 Nc6 4. c3 g6 5. Bg2 Bg7 6. Nf3 Nge7 7. O-O d5 8. d3 h6 ({RR} 8... O-O 9. e5) 9. a3 $146 ({RR} 9. Nbd2 b6 10. h4 Ba6 11. e5 Qc7 12. Re1 g5 13. hxg5 hxg5 14. Nf1 g4 15. Nh4 Bxe5 16. c4 O-O-O 17. Bg5 Rhg8 18. Bxe7 Qxe7 19. Ne3 Bf6 20. Qd1 Bxh4 21. Qa4 Nb8 22. cxd5 Bf6 23. Rac1 Qd7 {Arnason,J (2460)-Marjanovic,S (2515) Bela Crkva 1983 0-1 (36)}) ({RR} 9. Na3 b6 ({RR} 9... O-O 10. e5 g5 ({RR} 10... b6) 11. h3 Bd7 12. Nc2 Ng6 13. Be3 b6 14. d4 cxd4 15. cxd4 Kh7 16. Bd2 f5 17. exf6 Qxf6 18. Bc3 Rf7 19. Ne3 h5 20. Nh2) ({RR} 9... e5 10. exd5 Nxd5 11. d4 cxd4 12. cxd4) 10. h4 Ba6 ({RR} 10... Qc7 11. Bf4) ({RR} 10... e5 11. exd5 Nxd5 12. Nc4 O-O) ({RR} 10... d4 11. cxd4 cxd4) ({RR} 10... a5 11. Nb5 a4 ({RR} 11... Ba6 12. a4 d4 13. e5) 12. Bf4) ({RR} 10... Bb7) 11. e5 Qc7 ({RR} 11... O-O) 12. Re1 O-O-O ({RR} 12... g5 13. hxg5 hxg5 14. Bxg5 Ng6 15. c4 ({RR} 15. Bf6)) ({RR} 12... O-O) 13. Rb1 g5 ({RR} 13... d4 14. c4) ({RR} 13... Kb8 14. b4 cxb4 15. cxb4 Bb7 16. Nb5) 14. hxg5 Ng6 15. gxh6 Bxe5 ({RR} 15... Bxh6 16. Bxh6 Rxh6 17. b4) 16. Nxe5 Ncxe5 ({RR} 16... Ngxe5 17. Bf4) 17. c4 Nc6 ({RR} 17... dxc4 18. dxc4 Nd3 19. Rd1 Nxc1 20. Rbxc1 Rxh6 21. Rxd8+ Qxd8 22. Rd1) 18. Nc2 ({RR} 18. Bg5 Nd4 19. Qh5 Bb7 20. Bxd8 Qxd8) ({RR} 18. cxd5 exd5 19. Bg5) 18... dxc4 ({RR} 18... Bb7 19. Bg5) 19. dxc4 Bb7 ({RR} 19... Nd4 20. Nxd4 Rxd4 21. Be3 Rxc4 22. b3) 20. Bg5 ({RR} 20. b4 cxb4 21. Bg5 Rdg8 22. Nxb4 Nd4) 20... Rdg8 21. Qh5 ({RR} 21. Rbd1 Nce5 22. Bf6 Bxg2 23. Bxh8 Nf3+ 24. Kxg2 Nxe1+ ({RR} 24... Qb7 25. Qe4 Nxe1+ 26. Rxe1 Qxe4+ 27. Rxe4 Rxh8) 25. Qxe1 Qc6+ 26. Kg1 Rxh8 27. Qe3 f5 28. Qg5) ({RR} 21. b4 Nce5 22. bxc5) ({RR} 21. f4) 21... Nce5 22. Qh1 ({RR} 22. Bf6 Bxg2 23. Bxe5 ({RR} 23. Rxe5 Nxe5 24. Bxe5 Rxh6 25. Qxh6 ({RR} 25. Bxc7 Rxh5 26. Kxg2 Kxc7) 25... Qxe5) 23... Nxe5 24. Qxe5 Bb7 25. Qxc7+ Kxc7 26. b4 Rxh6) 22... Ng4 ({RR} 22... Nxc4 23. h7 ({RR} 23. Bxb7+ Qxb7 24. Qxb7+ Kxb7 25. Kg2) 23... Rg7 24. Bf6 Rgxh7 25. Bxb7+ Qxb7 26. Qxb7+ Kxb7 27. Bxh8 Rxh8 28. Red1) 23. Ne3 ({RR} 23. Rbd1 f6) ({RR} 23. Bxb7+ Qxb7 24. Qxb7+ Kxb7 25. Kg2 N6e5 ({RR} 25... Nxh6 26. Bf6 Rh7 27. Rh1 Nf4+ 28. Kf3 Rg6 29. Bc3)) 23... Nxh6 {Ehlvest,J (2615)-Jussupow,A (2660) Novgorod 1995 CBM 048 [Horn,Peter] ½-½ (35)} ({RR} 23... Bxg2 24. Qxg2 Nxh6 25. b4)) ({RR} 9. Nbd2 b6 10. Re1 a5 11. exd5 exd5 12. d4 O-O 13. dxc5 bxc5 14. Nb3 c4 15. Nbd4 Bg4 16. Qc2) ({RR} 9. h4 d4 ({RR} 9... b6 10. e5 Qc7 11. Re1 Ba6 12. a4 Rd8 13. Na3 O-O 14. Nb5 Qd7 15. Bf4 Nf5 16. Bh3 Bb7 17. Bxf5 exf5 18. e6) 10. e5 Nf5 11. Nbd2 dxc3 12. bxc3 O-O 13. Nb3 b6 14. d4 Bb7 15. dxc5 Qc7 16. Bf4 Rac8 17. Rac1 Nce7 18. cxb6 axb6 19. c4 Rfd8 20. Rfd1 Rxd1+ 21. Rxd1 Qxc4 22. Qxc4 Rxc4 23. Rd8+) ({RR} 9. Na3 O-O 10. Nc2 e5 11. Rd1 Qc7 12. exd5 Nxd5 13. d4 cxd4 14. cxd4 Re8 15. dxe5 Nxe5 16. Qb5 Bh3 17. Nce1 Bxg2 18. Kxg2 Nxf3 19. Nxf3 Nb6 20. Bf4 Qc4 21. Qxc4 Nxc4 22. Rac1 Rac8 23. b3 Nb6 {Hadzovic,A (2309)-Singh,S (2050) Pula CRO 2024 1-0 (60)}) ({RR} 9. Ne1 O-O 10. f4 f5 11. e5 g5 12. fxg5 hxg5 13. Bxg5 Nxe5 14. Nd2 Nf7 15. Bxe7 Qxe7 16. Bxd5 Ng5 17. Bg2 Bd7 18. Nef3 Nxf3+ 19. Nxf3 e5 20. Rae1 Rae8 21. Nd2 b6 22. Nc4 Qf6 23. Ne3 Qg6 {Kosteniuk,A (2531)-Bartel,M (2569) Playchess.com INT 2006 ½-½ (88)}) ({RR} 9. Re1 b6 10. Nbd2 Ba6 11. e5 g5 12. h3 Qc7 13. c4 Rd8 14. a3 dxc4 15. Nxc4 Nf5 16. g4 Ncd4 17. Qd1 Nxf3+ 18. Qxf3 Nd4 19. Qe4 Nc2 20. Nd6+ Kf8 21. Bd2 Nxa1 22. Rxa1 Bxd3 23. Qxd3 Bxe5 {Reyes Larena,J (2230)-Ricardi,P (2335) Corrientes 1985 0-1 (36)}) 9... b6 10. exd5 Nxd5 11. Nbd2 Bb7 12. a4 O-O 13. Nc4 Qc7 14. h4 Rad8 15. Re1 Qb8 16. Bd2 Kh7 17. Qf1 Rd7 18. Rad1 Qa8 19. Bc1 Nf6 20. Bf4 Rfd8 21. Nfe5 Nxe5 22. Nxe5 Re7 23. Bxb7 Qxb7 24. Qg2 Nd5 25. Bc1 Rc8 26. Nc4 Rd8 27. Qe4 Nf6 28. Qxb7 Rxb7 29. Ne5 Nd5 30. d4 cxd4 31. Rxd4 Rc8 32. Rde4 Kg8 33. Kg2 h5 34. Nf3 Rbc7 35. Bg5 Rc4 36. Rxc4 Rxc4 37. Ra1 Kf8 38. Nd2 Rc8 39. Ne4 Rc6 40. Kf1 Ke8 41. Ke2 Kd7 42. Bd2 f5 43. Ng5 e5 44. Nf3 e4 45. Ng5 Ke7 46. Nh3 Be5 47. Be1 Nc7 48. Ng5 Ne6 49. Nxe6 Kxe6 50. Bd2 Kd5 51. Rb1 Ke6 52. b3 Rd6 53. c4 Rd3 54. a5 bxa5 55. Bxa5 Bd4 56. Be1 Kd6 57. b4 Kc6 58. Rc1 Ra3 59. Rc2 Rb3 60. Bd2 Rf3 61. Be1 Rb3 62. Ra2 Rb2+ 63. Rxb2 Bxb2 64. Ke3 Be5 65. Bd2 a6 66. Ke2 Bd4 67. Be1 Be5 68. Bd2 Bd4 69. Be1 Be5 70. Kd1 Bd4 71. Kc2 Be5 72. Kb3 f4 73. gxf4 Bxf4 74. Ka4 g5 75. b5+ axb5+ 76. cxb5+ Kb7 77. hxg5 h4 78. g6 Be5 79. f4 exf3 80. Bxh4 Bd4 81. Kb4 Kb6 82. Kc4 Be5 83. Bf2+ Ka5 84. Kd5 Bg7 85. Kc6 Be5 86. b6 Ka6 87. b7 Ka5 88. g7 1-0

[Event "Wch Blitz"]
[Site "Moscow"]
[Date "2019.12.30"]
[Round "19"]
[White "Kramnik, Vladimir"]
[Black "Yu, Yangyi"]
[Result "1-0"]
[WhiteElo "2753"]
[BlackElo "2738"]
[PlyCount "81"]
[EventDate "2019.12.29"]
[EventType "swiss (blitz)"]
[EventRounds "21"]
[EventCountry "RUS"]
[SourceTitle "CBM 193 Extra"]
[Source "ChessBase"]
[SourceDate "2020.01.31"]
[SourceVersion "1"]
[SourceVersionDate "2020.01.31"]
[SourceQuality "1"]

1. Nf3 Nf6 2. g3 g6 3. b4 e6 4. a3 b6 ({RR} 4... d6 5. Bb2 e5 6. Bg2 Bg7 7. c4 O-O 8. d3 c6 9. O-O Nbd7 10. Nbd2 Qc7 11. Rc1 d5 12. cxd5 Nxd5 13. Qc2 b6 14. Qxc6 Qxc6 15. Rxc6 Bb7 16. Rc2 b5 17. Rfc1 N7b6 18. Bxe5 Bxe5 19. Nxe5 {Firat,B (2471)-Bazilius,A (2205) chess.com INT 2023 1-0}) 5. Bg2 Bb7 6. Bb2 Bg7 ({RR} 6... c5 7. O-O cxb4 8. axb4 Bxb4 9. c4 O-O 10. Nc3 d5 11. cxd5 Nxd5 12. Ne4 Be7 13. Qb3 Nd7 14. h4 Nc5 15. Nxc5 Bxc5 16. e4 Nf6 17. d4 Be7 18. d5 exd5 19. exd5 Qxd5 20. Qe3 Rfe8 21. Rfe1 {Hjartarson,J (2499)-Mikhalevski,V (2559) Chess.com INT 2021 0-1 (35)}) 7. c4 $146 ({RR} 7. O-O O-O 8. d3 d6 9. c4 c5 10. Nc3 Nc6 11. Qa4 Ne7 12. Rfb1 h6 13. Qd1 Qd7 14. Ra2 Rac8 15. bxc5 Rxc5 16. a4 Rh5 17. a5 bxa5 18. Ba3 Ng4 19. Ne4 a4 20. h3 Nf6 21. Ne5 Rxe5 {Eiti,B (2337)-Escalona Landi,S (2191) Chennai 2022 1-0}) ({RR} 7. O-O O-O 8. d3 d6 9. c4 c5 10. Nc3 Nc6 11. Qa4 Ne7 12. Rfb1 h6 13. Qd1 Qd7 14. Ra2 Rac8 15. bxc5 Rxc5 16. a4 Rh5 17. a5 bxa5 18. Ba3 Ng4 19. Ne4 a4 20. h3 Nf6 21. Ne5 Rxe5 {Eiti,B (2337)-Escalona Landi,S (2191) Chennai 2022 1-0}) 7... O-O 8. O-O d6 9. d4 Nbd7 10. Nc3 Qe7 11. d5 e5 12. Nd2 h5 13. Nb3 Ng4 14. h3 Nh6 15. a4 h4 16. e4 a5 17. bxa5 bxa5 18. Nb5 Rfc8 19. Qd2 Nc5 20. Nxa5 Ba6 21. Nc6 Qe8 22. Qg5 f6 23. Qe3 Nf7 24. a5 Bh6 25. f4 Kg7 26. Qf3 exf4 27. gxf4 Rab8 28. Nxb8 Rxb8 29. Nxc7 Qc8 30. Nb5 Bxb5 31. cxb5 Rxb5 32. Qc3 Qd8 33. a6 Rb8 34. a7 Ra8 35. Kh1 g5 36. e5 fxe5 37. fxe5 Nxe5 38. Qf3 Qe7 39. Bxe5+ Qxe5 40. Qf7+ Kh8 41. Rab1 1-0

[Event "Wch Blitz"]
[Site "Moscow"]
[Date "2019.12.30"]
[Round "19"]
[White "Petrosian, Tigran L"]
[Black "Moiseenko, Vadim"]
[Result "1-0"]
[WhiteElo "2601"]
[BlackElo "2526"]
[PlyCount "164"]
[EventDate "2019.12.29"]
[EventType "swiss (blitz)"]
[EventRounds "21"]
[EventCountry "RUS"]
[SourceTitle "CBM 193 Extra"]
[Source "ChessBase"]
[SourceDate "2020.01.31"]
[SourceVersion "1"]
[SourceVersionDate "2020.01.31"]
[SourceQuality "1"]

1. Nf3 Nf6 2. g3 g6 3. Bg2 Bg7 4. d3 O-O 5. e4 d6 6. O-O e5 7. a4 c6 ({RR} 7... a5 8. Nbd2 Re8 9. Nc4 Be6 10. b3 h6 11. Bb2 Nc6 12. Re1 Qd7 13. Qd2 b6 14. Ne3 Rad8 15. c4 Bh3 16. Nd5 Bxg2 17. Kxg2 Kh7 18. Re2 Nb8 19. d4 Nc6 20. dxe5 dxe5 21. Rd1 Qc8 22. Bc3 {Petrosian,T (2601)-Mamedyarov,S (2772) Moscow 2019 ½-½}) ({RR} 7... Nc6 8. a5 a6 9. Re1 h6 10. c3 Re8 11. Nbd2 Be6 12. Qc2 Qd7 13. b4 Rad8 14. Rb1 d5 15. Nb3 dxe4 16. dxe4 Qd3 17. Qxd3 Rxd3 18. Nc5 Rxc3 19. Bd2 Ra3 20. Nxb7 Nd7 21. Rec1 Ndb8 22. Nc5 {Sindarov,J (2674)-Liascovich,L (2419) chess.com INT 2024 1-0 (58)}) 8. a5 h6 $146 ({RR} 8... Nh5 9. h3 Qe8 10. Na3 f5 11. Nc4 fxe4 12. dxe4 Na6 13. Nxd6 Qe7 14. Nxc8 Raxc8 15. Qd3 Rcd8 16. Qc4+ Qf7 17. Qe2 Rd6 18. Be3 c5 19. c3 h6 20. b4 cxb4 21. cxb4 Rc8 22. Rfc1 Rxc1+ 23. Rxc1 {Palacio,I (2122)-Nunes,M (1684) Fortaleza 2016 1-0 (38)}) 9. b4 Kh7 10. Bb2 Na6 11. c3 Qe7 12. Nbd2 Nc7 13. Re1 Bd7 14. d4 Rad8 15. dxe5 dxe5 16. Qe2 Bc8 17. Nc4 Nd7 18. Rad1 Nb5 19. Nfd2 Nf6 20. h3 Rfe8 21. Qe3 Nd7 22. Na3 a6 23. Nac4 Nf8 24. Nb6 Be6 25. Bf1 Nd7 26. Na4 Rc8 27. Nc4 c5 28. Ncb6 Nxb6 29. Nxb6 Rc7 30. Nd5 Bxd5 31. Rxd5 c4 32. Red1 Qe6 33. Qb6 Qe7 34. h4 Rc6 35. Qe3 Rc7 36. Bh3 h5 37. Rd7 Qf6 38. Kg2 Rxd7 39. Rxd7 Re7 40. Rd1 Qc6 41. Rd5 Bh6 42. Qb6 Qxb6 43. axb6 Kg7 44. Kf1 f6 45. Ke2 Kf7 46. Bd7 Bf8 47. Kd1 g5 48. Kc2 gxh4 49. gxh4 Bh6 50. Bxb5 axb5 51. Rxb5 Rd7 52. Rc5 Rd2+ 53. Kb1 Rxf2 54. Rc7+ Ke6 55. Rxb7 Be3 56. Rb8 Kd7 57. b5 Rh2 58. Ba3 Rh1+ 59. Kc2 Rxh4 60. b7 Rh2+ 61. Kd1 Rd2+ 62. Ke1 Kc7 63. Rf8 Kxb7 64. Bc5 Bg5 65. Rf7+ Kc8 66. b6 Rd7 67. Rf8+ Kb7 68. Rh8 h4 69. Ke2 Kc6 70. Rc8+ Kb7 71. Rh8 Rd2+ 72. Kf3 Rd3+ 73. Kg4 Rd7 74. Kf5 Kc6 75. Ke6 Rb7 76. Rc8+ Kb5 77. Bg1 h3 78. Rh8 Bd2 79. Rxh3 Bg5 80. Rh2 Kc6 81. Rb2 Bh4 82. Rb4 Be1 1-0

[Event "Wch Blitz"]
[Site "Moscow"]
[Date "2019.12.30"]
[Round "19"]
[White "Smirin, Ilia"]
[Black "Frolyanov, Dmitry"]
[Result "1-0"]
[WhiteElo "2607"]
[BlackElo "2556"]
[PlyCount "105"]
[EventDate "2019.12.29"]
[EventType "swiss (blitz)"]
[EventRounds "21"]
[EventCountry "RUS"]
[SourceTitle "CBM 193 Extra"]
[Source "ChessBase"]
[SourceDate "2020.01.31"]
[SourceVersion "1"]
[SourceVersionDate "2020.01.31"]
[SourceQuality "1"]

1. b3 d5 2. Bb2 Bg4 3. Nf3 Nd7 4. g3 Ngf6 5. Bg2 c6 6. O-O e6 7. d3 Bd6 8. Nbd2 O-O 9. Qe1 a5 10. e4 e5 11. Nh4 Re8 12. h3 Bh5 13. Nf5 ({RR} 13. a3 Qb6 14. Nf5 Bf8 15. Rb1 Rad8 16. Kh1 Nc5 17. f4 dxe4 18. Nc4 Qa7 19. dxe4 exf4 20. Bxf6 gxf6 21. gxf4 Bg6 22. Ng3 f5 23. e5 a4 24. b4 Ne6 25. Ne3 Rd4 26. Nexf5 Rxf4 27. Qd2 Rd8 {Vitiugov,N (2747)-Dreev,A (2677) Moscow 2019 0-1 (39)}) ({RR} 13. a3 Bg6 14. Nxg6 hxg6 15. Qe2 dxe4 16. dxe4 b5 17. Rfd1 Bc5 18. Nf3 Qb6 19. Bf1 Bf8 20. Ng5 Nc5 21. Qf3 Ne6 22. Nxe6 Rxe6 23. Kg2 Bc5 24. Bd3 Rd8 25. Qe2 Ne8 26. a4 Nc7 27. Rf1 Bd4 {Annaberdiyev,B (2168)-Uzumcu,A (2284) Mersin 2022 ½-½ (67)}) 13... Bf8 14. a3 Nc5 $146 ({RR} 14... Qc7 15. Rc1 Nc5 16. Kh1 Rad8 17. f3 dxe4 18. fxe4 b5 19. Nf3 Bxf3 20. Bxf3 g6 21. Ne3 Bg7 22. Qf2 Ne6 23. Rce1 Nd4 24. Bd1 Rf8 25. Kh2 Kh8 26. Ng4 Nxg4+ 27. Bxg4 c5 28. h4 c4 29. dxc4 {Fudalej,M (2211)-Chylewski,P (2005) Jastrzebia Gora 2016 ½-½ (37)}) ({RR} 14... Bg6 15. Ne3 dxe4 16. dxe4 Nc5 17. Ng4 Nxg4 18. hxg4 Qg5 19. Qe2 Rad8 20. Rad1 h5 21. Nc4 Rxd1 22. Rxd1 hxg4 23. Nxa5 Rd8 24. Rxd8 Qxd8 25. Nc4 f6 26. Qxg4 Bf7 27. Qe2 Ne6 28. Ne3 Nd4 29. Qd3 {Nenezic,M (2515)-Santos Ruiz,M (2523) Skopje 2018 ½-½ (81)}) 15. Kh2 Qc7 16. f3 Bg6 17. Nh4 Ne6 18. Nxg6 hxg6 19. h4 a4 20. b4 c5 21. c3 d4 22. Rc1 dxc3 23. Rxc3 Qd7 24. Nc4 cxb4 25. Nxe5 Qb5 26. Rc1 bxa3 27. Ba1 Nc5 28. d4 Nb3 29. Rc7 Bd6 30. Rxf7 Bxe5 31. dxe5 Kxf7 32. exf6 gxf6 33. Qc3 Nxa1 34. Rxa1 Qb3 35. Qc7+ Re7 36. Qd6 a2 37. Qd2 a3 38. Rxa2 Rd8 39. Qf2 Rc7 40. e5 fxe5 41. Qe2 Qc3 42. Qe4 Kg7 43. h5 Rd6 44. hxg6 Rxg6 45. Bh3 Rh6 46. Kg2 Rd7 47. Bxd7 Qb3 48. Qxe5+ Kg8 49. Rf2 a2 50. Qg5+ Kf7 51. Re2 a1=Q 52. Qxh6 Qg7 53. Be6+ 1-0

[Event "Wch Blitz"]
[Site "Moscow"]
[Date "2019.12.30"]
[Round "19"]
[White "Svidler, Peter"]
[Black "Sargissian, Gabriel"]
[Result "1-0"]
[WhiteElo "2723"]
[BlackElo "2689"]
[PlyCount "65"]
[EventDate "2019.12.29"]
[EventType "swiss (blitz)"]
[EventRounds "21"]
[EventCountry "RUS"]
[SourceTitle "CBM 193 Extra"]
[Source "ChessBase"]
[SourceDate "2020.01.31"]
[SourceVersion "1"]
[SourceVersionDate "2020.01.31"]
[SourceQuality "1"]

1. Nf3 d5 2. g3 c6 3. Bg2 Bg4 4. d3 Nf6 5. h3 Bh5 6. g4 Bg6 7. Nh4 e6 8. e3 Be7 9. Nd2 Nfd7 10. Nxg6 hxg6 11. Qe2 a5 12. f4 $146 ({RR} 12. a4 Na6 13. c3 e5 14. O-O O-O 15. d4 e4 16. f4 f5 17. g5 Kf7 18. Rf2 Rh8 19. Bf1 Nf8 20. Rh2 Ne6 21. h4 b6 22. Qf2 c5 23. Nb3 cxd4 24. Nxd4 Qc8 25. Nb5 Nac5 26. Qc2 Qd7 {Danielsen,H (2514)-Percivaldi,M (2344) Ballerup 2015 1-0 (50)}) 12... g5 13. Nf3 gxf4 14. exf4 Na6 15. O-O Qc7 16. d4 O-O-O 17. c3 Bd6 18. Ne5 Rdf8 19. a3 a4 20. Qc2 Qa5 21. b4 axb3 22. Qxb3 Qb6 23. Rb1 Qxb3 24. Rxb3 Nc7 25. a4 Bxe5 26. fxe5 f6 27. Ba3 Rf7 28. g5 c5 29. c4 dxc4 30. Rxb7 Nd5 31. Ra7 Ne3 32. Ra8+ Nb8 33. Rb1 1-0

[Event "Wch Blitz"]
[Site "Moscow"]
[Date "2019.12.30"]
[Round "20"]
[White "Ismagambetov, Anuar"]
[Black "Moiseenko, Vadim"]
[Result "1-0"]
[WhiteElo "2528"]
[BlackElo "2526"]
[PlyCount "63"]
[EventDate "2019.12.29"]
[EventType "swiss (blitz)"]
[EventRounds "21"]
[EventCountry "RUS"]
[SourceTitle "CBM 193 Extra"]
[Source "ChessBase"]
[SourceDate "2020.01.31"]
[SourceVersion "1"]
[SourceVersionDate "2020.01.31"]
[SourceQuality "1"]

1. e4 e5 2. Nf3 Nc6 3. Nc3 g6 4. g3 Bg7 5. Bg2 Nge7 6. O-O O-O 7. d3 d6 8. Be3 h6 9. Qd2 Kh7 10. h3 $146 ({RR} 10. Nh4 g5 11. Bxg5 hxg5 12. Qxg5 Ng6 13. Qh5+ Bh6 14. Nf5 Qg5 15. Qxh6+ Qxh6 16. Nxh6 Kxh6 17. Nd5 Rb8 18. Nxc7 a6 19. c3 b5 20. a3 Rb7 21. Nd5 Be6 22. Nb4 Nb8 23. f3 a5 24. Nc2 Nd7 {Larino Nieto,D (2473)-Anton Guijarro,D (2674) chess24.com INT 2020 1-0 (70)}) ({RR} 10. Nh4 g5 11. Bxg5 hxg5 12. Qxg5 Ng6 13. Qh5+ Bh6 14. Nf5 Qg5 15. Qxh6+ Qxh6 16. Nxh6 Kxh6 17. Nd5 Rb8 18. Nxc7 a6 19. c3 b5 20. a3 Rb7 21. Nd5 Be6 22. Nb4 Nb8 23. f3 a5 24. Nc2 Nd7 {Larino Nieto,D (2473)-Anton Guijarro,D (2674) chess24.com INT 2020 1-0 (70)}) 10... f5 11. Nh2 Be6 12. Nd5 Qd7 13. Nxe7 Nxe7 14. exf5 Nxf5 15. Bxb7 Rab8 16. Bg2 Rxb2 17. Rab1 Rxa2 18. Rb7 Nxe3 19. fxe3 Rxf1+ 20. Nxf1 e4 21. d4 Qc6 22. Rb1 Rxc2 23. Qd1 a5 24. Nd2 a4 25. Bxe4 Rxd2 26. Bxc6 Rxd1+ 27. Rxd1 a3 28. Ra1 a2 29. Kf2 g5 30. Ke2 Kg6 31. Kd3 h5 32. g4 1-0

[Event "Wch Blitz"]
[Site "Moscow"]
[Date "2019.12.30"]
[Round "21"]
[White "Chigaev, Maksim"]
[Black "Korobov, Anton"]
[Result "1-0"]
[WhiteElo "2631"]
[BlackElo "2668"]
[PlyCount "116"]
[EventDate "2019.12.29"]
[EventType "swiss (blitz)"]
[EventRounds "21"]
[EventCountry "RUS"]
[SourceTitle "CBM 193 Extra"]
[Source "ChessBase"]
[SourceDate "2020.01.31"]
[SourceVersion "1"]
[SourceVersionDate "2020.01.31"]
[SourceQuality "1"]

1. e4 c5 2. Nf3 d6 3. c3 Nf6 4. g3 Nc6 5. d3 g6 6. Bg2 Bg7 7. O-O O-O 8. Re1 e5 9. a4 h6 10. Na3 Be6 ({RR} 10... d5 11. exd5 Nxd5 12. Nc4 Re8 13. a5 Rb8 14. Qa4 Bf5 15. Nfd2 Bxd3 16. Ne4 Bxe4 17. Bxe4 Re7 18. Ne3 Nf6 19. Bxc6 bxc6 20. Qxc6 Rc8 21. Qa4 e4 22. Rd1 Rd7 23. Rxd7 Qxd7 24. Qxd7 Nxd7 25. Nc4 {Grischuk,A (2759)-Cheparinov,I (2670) Douglas 2019 1-0 (42)}) 11. Nc4 Qd7 $146 ({RR} 11... b6 12. Nfd2 Re8 13. Ne3 d5 14. exd5 Nxd5 15. Nec4 Qc7 16. Qb3 Rad8 17. Qb5 Nde7 18. a5 Rb8 19. axb6 axb6 20. Ra6 Bd7 21. Nxb6 Bc8 22. Ndc4 Bxa6 23. Qxa6 Red8 24. Na4 Ra8 25. Qb5 Rdb8 26. Nab6 {Chigaev,M (2588)-Goganov,A (2565) Chess.com INT 2020 0-1 (57)}) ({RR} 11... a6 12. Qc2 Rc8 13. Nfd2 b5 14. axb5 axb5 15. Ne3 Ne7 16. h3 Qd7 17. Kh2 Rfe8 18. Rd1 d5 19. exd5 Nexd5 20. Ne4 Qe7 21. Ra5 Nxe3 22. Bxe3 Bd7 23. Nxf6+ Qxf6 24. Qb3 c4 25. dxc4 bxc4 26. Qb7 {Lenoir Ibacache,G (2228)-Sharshenbekov,E (2021) chess.com INT 2024 0-1 (45)}) ({RR} 11... a6 12. Nfd2 b5 13. Ne3 b4 14. Ndc4 Rb8 15. a5 Rb5 16. Qa4 d5 17. exd5 Nxd5 18. Bd2 bxc3 19. bxc3 Nxe3 20. Bxe3 Qxd3 21. Bxc6 Bxc4 22. Rad1 Qxc3 23. Rc1 Bb3 24. Rxc3 Bxa4 25. Bxb5 Bxb5 26. Rxc5 {Chigaev,M (2631)-Lewicki,M (2340) Chess.com INT 2022 1-0 (42)}) ({RR} 11... Qc7 12. Ne3 a6 13. Nh4 Kh7 14. f4 Rad8 15. f5 Bc8 16. Rf1 b5 17. axb5 axb5 18. Nd5 Qb7 19. Qd2 g5 20. Nf3 Nxd5 21. exd5 Ne7 22. Nxg5+ hxg5 23. f6 Bh6 24. h4 Rg8 25. Be4+ Nf5 26. Rxf5 {Prieto Aranguren,A (2193)-Barrio Ugidos,I (1849) Erandio 2012 1-0}) 12. Nfd2 Rae8 13. a5 d5 14. exd5 Nxd5 15. Ne4 b6 16. axb6 axb6 17. Qa4 Rc8 18. Ned6 Ra8 19. Qxa8 Rxa8 20. Rxa8+ Kh7 21. Nb5 Ndb4 22. cxb4 Nxb4 23. Ncd6 Nxd3 24. Rd1 c4 25. Ra7 Qd8 26. Nxf7 Qf6 27. Rxd3 cxd3 28. Nfd6 Qf8 29. Ne4 Bc4 30. Nbc3 b5 31. Be3 b4 32. Nb1 Bd5 33. Nbd2 Kh8 34. h3 Qc8 35. Kh2 Qc2 36. b3 Bxb3 37. Ra8+ Kh7 38. Ra7 Kh8 39. Nxb3 Qxb3 40. Nc5 Qc2 41. Be4 b3 42. Bxd3 Qc3 43. Bxg6 Bf8 44. Ra8 Kg7 45. Ne6+ Kxg6 46. Nxf8+ Kf5 47. Nd7 b2 48. Rf8+ Kg6 49. Rb8 Kf5 50. Rf8+ Kg6 51. Rb8 Qc2 52. Nxe5+ Kh7 53. Rb7+ Kg8 54. Ng4 b1=Q 55. Nxh6+ Kf8 56. Rxb1 Qxb1 57. g4 Kg7 58. Nf5+ Kf6 1-0